MARC

LEADER 00000naa a2200000 a 4500
003 Arxiu
005 20260324181044.0
008 160829s1955 spcaxx s spa c
040 |a AGDB 
100 |a Robert, Gabriel  |9 29588 
245 1 0 |a San Jorge en el Panadés /   |c Gabriel Robert 
300 |b Il·lustracion 
490 |a San Jorge,  |v núm. 20 (octubre 1955), pàg 36-37 
600 0 0 |a Jordi,  |c sant  |x Art  |9 54340 
600 0 0 |a Jordi,  |c sant  |x Culte  |9 54341  |z Catalunya 
651 0 |9 50767  |a Vilafranca del Penedès 
773 |g Núm. 20 (octubre 1955), pàg 36-37  |t San Jorge. 
901 |a Arxiu 
942 |n 1  |2 udc  |c ART 
952 |0 0  |1 0  |4 0  |6 REV510  |7 1  |9 65281  |a Arxiu  |b Arxiu  |d 2023-02-14  |l 0  |o Rev-510  |r 2023-02-14 00:00:00  |w 2023-02-14  |y ARXIU  |z També disponible a Rev-524 
999 |c 50034  |d 50034